Normal view
MARC view
Entry Personal Name
001 - CONTROL NUMBER
- control field: 48159
003 - CONTROL NUMBER IDENTIFIER
- control field: ARRUPE
005 - DATE AND TIME OF LATEST TRANSACTION
- control field: 20190919103945.0
008 - FIXED-LENGTH DATA ELEMENTS
- fixed length control field: 190919|| aca||aabn | a|a d
040 ## - CATALOGING SOURCE
- Original cataloging agency: ARRUPE
- Transcribing agency: ARRUPE
100 ## - HEADING--PERSONAL NAME
- Personal name: Madavo, Garikai
670 ## - SOURCE DATA FOUND
- Source citation: Work cat.: (ARRUPE): Madavo, Garikai, Identity and policy, 2014